000 00494nam a2200181Ia 4500
008 240925s9999 xx 000 0 und d
020 _a9789381269923
082 _a004.6 MUR
100 _aMurali, C
245 0 _aData Communications And Computer Networks
250 _aNA
260 _aNew Delhi:
_bElsivier
_c,2012.
300 _a471p.
_bN.A
_fOriginal
500 _aIncludes Index
600 _aComputer Science
650 _aComputer science, information & general works
942 _cBK
999 _c12565
_d12565